[Event "Kandidatklassen"]
[Site "Elsinore"]
[Date "2013.03.29"]
[Round "3"]
[White "Aabling Thomsen, Jakob"]
[Black "Laursen, Niels Norskov"]
[Result "1-0"]
[WhiteElo "2341"]
[BlackElo "2261"]
[PlyCount "43"]
[EventDate "2013.03.26"]
[EventType "swiss"]
[EventRounds "7"]
[EventCountry "DEN"]
[Source "ChessBase"]
[SourceDate "2013.11.20"]

1. d4 Nf6 2. Nc3 d5 3. Bg5 c5 4. Bxf6 gxf6 5. e3 e6 6. Qh5 cxd4 7. exd4 Bb4 8.
Bd3 Nc6 9. Nge2 Bd7 10. O-O Qe7 11. Rfe1 O-O-O 12. a3 Bd6 13. Nb5 Bb8 14. c4
dxc4 15. Bxc4 Rhg8 16. Rac1 Rg5 17. Qf3 Rdg8 18. Ng3 a6 19. d5 Ne5 20. Qc3 axb5
21. Bxb5+ Kd8 22. Qa5+ 1-0

[Event "Kandidatklassen"]
[Site "Elsinore"]
[Date "2013.03.29"]
[Round "7"]
[White "Hoyer, Jacob K"]
[Black "Carstensen, Jacob"]
[Result "0-1"]
[WhiteElo "2154"]
[BlackElo "2385"]
[PlyCount "44"]
[EventDate "2013.03.26"]
[EventType "swiss"]
[EventRounds "7"]
[EventCountry "DEN"]
[Source "ChessBase"]
[SourceDate "2013.11.20"]

1. d4 Nf6 2. c4 e6 3. g3 d5 4. Bg2 Nc6 5. Nf3 dxc4 6. Qa4 Bb4+ 7. Bd2 Nd5 8.
Bxb4 Ndxb4 9. a3 b5 10. Qxb5 Nc2+ 11. Kd2 Bd7 12. Kxc2 Nxd4+ 13. Nxd4 Bxb5 14.
Nxb5 Rb8 15. Bc6+ Kf8 16. Nd2 a6 17. Nc3 Rxb2+ 18. Kxb2 Qxd2+ 19. Kb1 Qxc3 20.
Ra2 Ke7 21. Rb2 Qxa3 22. Rd1 Rd8 0-1

[Event "Kandidatklassen"]
[Site "Elsinore"]
[Date "2013.03.29"]
[Round "4"]
[White "Hoyer, Jacob K"]
[Black "Matthiesen, Martin"]
[Result "0-1"]
[WhiteElo "2154"]
[BlackElo "2271"]
[PlyCount "52"]
[EventDate "2013.03.26"]
[EventType "swiss"]
[EventRounds "7"]
[EventCountry "DEN"]
[Source "ChessBase"]
[SourceDate "2013.11.20"]

1. d4 Nf6 2. c4 e6 3. Nc3 Bb4 4. e3 b6 5. Nge2 Ba6 6. a3 Be7 7. Nf4 d5 8. Qf3
c6 9. cxd5 cxd5 10. Bxa6 Nxa6 11. g4 O-O 12. g5 Ne8 13. h4 Nd6 14. Bd2 Nc4 15.
Qg4 Nxb2 16. g6 h6 17. gxf7+ Rxf7 18. Qxe6 Nc7 19. Qg6 Qd7 20. Rg1 Nc4 21. Qxh6
Bxa3 22. Rxa3 Nxa3 23. Nh5 Raf8 24. Ne4 dxe4 25. Bb4 Nc2+ 26. Kd1 Nxb4 0-1

[Event "Kandidatklassen"]
[Site "Elsinore"]
[Date "2013.03.29"]
[Round "2"]
[White "Hoyer, Jacob K"]
[Black "Ostergaard, Jens"]
[Result "1-0"]
[WhiteElo "2154"]
[BlackElo "2273"]
[PlyCount "73"]
[EventDate "2013.03.26"]
[EventType "swiss"]
[EventRounds "7"]
[EventCountry "DEN"]
[Source "ChessBase"]
[SourceDate "2013.11.20"]

1. d4 Nf6 2. c4 e6 3. Nc3 Bb4 4. e3 O-O 5. Nge2 d5 6. a3 Be7 7. cxd5 exd5 8.
Nf4 c6 9. Bd3 Bd6 10. Nh5 g6 11. Nxf6+ Qxf6 12. h4 Re8 13. h5 Qxd4 14. hxg6
hxg6 15. Qc2 Qf6 16. Bd2 Nd7 17. O-O-O Ne5 18. e4 Be6 19. Kb1 Qxf2 20. exd5
cxd5 21. Rdf1 Qg3 22. Bb5 Rec8 23. Qa4 Nc4 24. Bxc4 Rxc4 25. Qd1 d4 26. Rf3 Qg4
27. Nb5 Bf8 28. Bh6 Bd5 29. Bxf8 Bxf3 30. gxf3 Qf5+ 31. Ka1 Qxb5 32. Be7 Qf5
33. Qd2 g5 34. Qh2 Rc1+ 35. Rxc1 Qf4 36. Qxf4 gxf4 37. Bf6 1-0

[Event "Kandidatklassen"]
[Site "Elsinore"]
[Date "2013.03.29"]
[Round "5"]
[White "Laursen, Niels Norskov"]
[Black "Christensen, Tobias"]
[Result "1/2-1/2"]
[WhiteElo "2261"]
[BlackElo "2362"]
[PlyCount "108"]
[EventDate "2013.03.26"]
[EventType "swiss"]
[EventRounds "7"]
[EventCountry "DEN"]
[Source "ChessBase"]
[SourceDate "2013.11.20"]

1. e4 c6 2. d4 d5 3. e5 c5 4. dxc5 Nc6 5. Bb5 e6 6. Be3 Nge7 7. c3 Bd7 8. Bxc6
Nxc6 9. Nf3 Qc7 10. Bd4 Nxd4 11. cxd4 b6 12. cxb6 Qxb6 13. O-O Qxb2 14. Nbd2
Be7 15. Qc1 Qxc1 16. Rfxc1 Rc8 17. Rxc8+ Bxc8 18. Rc1 Kd7 19. Nb3 Ba6 20. Nc5+
Bxc5 21. Rxc5 Rb8 22. h4 Bc4 23. Ng5 Rb1+ 24. Kh2 Rd1 25. Nxf7 Rxd4 26. Kg3
Rd3+ 27. f3 Ra3 28. Nd6 Bd3 29. Rc8 Rxa2 30. Rg8 g6 31. Kf4 a5 32. Nb7 Bc4 33.
Ra8 d4 34. Ra7 Bd5 35. Nxa5+ Kc8 36. Nc6 Rxg2 37. Nxd4 h6 38. Rh7 g5+ 39. hxg5
hxg5+ 40. Ke3 g4 41. fxg4 Rxg4 42. Rh5 Rg3+ 43. Kf4 Rd3 44. Nb5 Rf3+ 45. Kg5
Rf2 46. Nd6+ Kd7 47. Rh7+ Kc6 48. Rf7 Rh2 49. Kf6 Rh6+ 50. Kg5 Rh3 51. Kf6 Kc5
52. Rc7+ Kb4 53. Rc1 Rh5 54. Rc8 Rh6+ 1/2-1/2

[Event "Kandidatklassen"]
[Site "Elsinore"]
[Date "2013.03.29"]
[Round "5"]
[White "Pedersen, Jan Nordenbaek"]
[Black "Schou Moldt, Thomas"]
[Result "1-0"]
[WhiteElo "2255"]
[BlackElo "2229"]
[PlyCount "67"]
[EventDate "2013.03.26"]
[EventType "swiss"]
[EventRounds "7"]
[EventCountry "DEN"]
[Source "ChessBase"]
[SourceDate "2013.11.20"]

1. d4 g6 2. Nc3 d6 3. Bf4 Nd7 4. Qd2 c6 5. O-O-O Bg7 6. e4 Qa5 7. Kb1 e5 8. Nb5
Qxd2 9. Nxd6+ Ke7 10. Nxc8+ Rxc8 11. Bxd2 exd4 12. Bg5+ f6 13. Bh4 c5 14. f4
Nb6 15. Nf3 Kf7 16. Be1 Bf8 17. c3 dxc3 18. Bxc3 Bg7 19. a4 Ne7 20. a5 Na8 21.
Bc4+ Kf8 22. Be6 Re8 23. Rd7 f5 24. e5 h6 25. Rxb7 Rh7 26. Rd1 Bh8 27. Rdd7 Rg7
28. Rxa7 g5 29. fxg5 hxg5 30. h4 gxh4 31. Nxh4 Rh7 32. Rxe7 Rexe7 33. Ng6+ Ke8
34. Rxa8# 1-0

[Event "Kandidatklassen"]
[Site "Elsinore"]
[Date "2013.03.29"]
[Round "5"]
[White "Thuesen, Mogens Henrik"]
[Black "Hansen, Mads"]
[Result "1-0"]
[WhiteElo "2261"]
[BlackElo "2309"]
[PlyCount "115"]
[EventDate "2013.03.26"]
[EventType "swiss"]
[EventRounds "7"]
[EventCountry "DEN"]
[Source "ChessBase"]
[SourceDate "2013.11.20"]

1. f4 e5 2. fxe5 d6 3. Nf3 Nc6 4. Nc3 dxe5 5. e4 Bc5 6. Bb5 Nge7 7. d3 O-O 8.
Bxc6 Nxc6 9. Na4 Be7 10. Be3 Bg4 11. c3 b6 12. O-O Qd7 13. b4 a5 14. a3 f5 15.
b5 Na7 16. Qb3+ Kh8 17. Nxe5 Qxb5 18. Nf7+ Rxf7 19. Qxf7 Bf6 20. h3 Qxd3 21.
Rae1 Be2 22. Rf2 Qxe3 23. Rexe2 Qc1+ 24. Rf1 Qxa3 25. e5 Rf8 26. Qxc7 Qe7 27.
Qxb6 Bh4 28. Qxa5 g6 29. Qb4 Nc6 30. Qd6 Rc8 31. Qxe7 Bxe7 32. Kh1 Kg7 33. Rd1
Nd8 34. Nb6 Rc7 35. Rd7 Rxd7 36. Nxd7 Kf7 37. Nb8 Ke6 38. c4 Nf7 39. Nc6 Bc5
40. Rd2 Be3 41. Nd8+ Ke7 42. Re2 Nxd8 43. Rxe3 Nc6 44. c5 Ke6 45. Rd3 Nxe5 46.
Rd6+ Ke7 47. Kg1 h5 48. h4 Nd7 49. Rxg6 Nxc5 50. Rh6 Ne4 51. Rxh5 Kf6 52. Rh6+
Ke5 53. Ra6 Ng3 54. Kh2 Nh5 55. g4 Ng7 56. h5 Ne6 57. Rxe6+ Kxe6 58. g5 1-0